| 000 | 00547nam a2200169Ia 4500 | ||
|---|---|---|---|
| 003 | IN-BaIIA | ||
| 008 | 211028s9999 xx 000 0 eng d | ||
| 020 | _a1-898166-73-0 | ||
| 040 | _cIIA Library | ||
| 080 |
_a[8]:01:00 _bDUN |
||
| 100 |
_aDunkin, E _924033 |
||
| 245 | 2 |
_aA far off vision _ba cornishment at Greenwich Observatory autobiographical notes _cE. Dunkin |
|
| 260 |
_aCornwall _bRoyal Institute of Cornwall _c1999 |
||
| 300 | _a218p. | ||
| 650 |
_aAutobiography _915205 |
||
| 942 | _cBK | ||
| 999 |
_c13676 _d13676 |
||